000 01138cam a2200301 4500
001 J127567
002 8011
008 040929n2004 000 0 eng u
020 _a0946805997
035 _a(Sirsi) u127567
041 _aeng
050 _a692.5
_c18
245 _aWessex comprehensive building price book 2005
_b2005 Wessex minor works estimating price book
250 _a22nd ed.
260 _aPoole
_bWessex
_c2004
300 _aCa. 1000p.
_c30cm.
350 _a95
520 _aThis latest edition provides building contractors and consultants with a comprehensive guide to the current (net cost) unit prices for minor building works. Prices are based upon a contract of extensions and alterations to an existing building, two or three storeys high, having a tender price of about £150 000, requiring relatively small quantities of materials and labour.
590 _aNB
590 _aNB
650 _aBUILDING PRICE BOOKS
650 _aESTIMATING
650 _aCONSTRUCTION COSTS
650 _aMINOR WORKS
690 _aBUILDING AND CONSTRUCTION-COSTS
700 _aBarnett, N. P.
_xEditor
942 _n0
999 _c118090
_d118090